Filosofía del derecho y del estado: de Sócrates a Séneca

Spremljeno u:
Bibliografski detalji
Glavni autor: Adomeit, Klaus (Autor)
Daljnji autori: Hermida del Llano, Cristina (autora)
Format: Knjiga
Jezik:španjolski
Izdano: Madrid Trotta 1999
Serija:Colección Estructuras y Procesos, Serie Filosofía
Teme:
Oznake: Dodaj oznaku
Bez oznaka, Budi prvi tko označuje ovaj zapis!

MARC

LEADER 00000nam a2200000 a 4500
001 UCP5065
003 CL-VaPUC
008 990827e19990000SP |||||||||||||||||spa|d
082 0 4 |a 340.1  |b ADO  |2 21 
100 0 |a Adomeit, Klaus  |e author  |9 433174 
700 |a Hermida del Llano, Cristina  |e autora  |9 433175 
245 1 0 |a Filosofía del derecho y del estado: de Sócrates a Séneca 
300 |a 157 p 
942 |c BK 
945 |d 19990827 00:00:00  |a vberengu 
260 |a Madrid  |b Trotta  |c 1999 
650 0 |a Derechos humanos  |9 223025 
650 0 |a Democracia  |9 255256 
650 0 |a Estado  |9 255503 
650 0 |a Filosofía del derecho   |9 255050 
650 0 |a Historia del derecho  |9 255109 
583 |a last modification  |c 19990827 00:00:00  |k Rodrigo Vera 
490 0 |a Colección Estructuras y Procesos, Serie Filosofía 
999 |c 282891  |d 282889 
952 |0 0  |1 0  |4 0  |6 340_100000000000000_ADO_1999  |7 0  |8 DER_TF  |9 325484  |a BIBDER  |b BIBDER  |d 2019-11-20  |i 3549682  |l 1  |o 340.1 ADO 1999  |p 3549682  |r 2023-01-25  |s 2020-03-16  |w 2019-11-20  |x Ubicación 4to Piso  |y BK  |z Estos recursos deben solicitarse con anticipación  |k DER 
952 |0 0  |1 0  |4 0  |6 340_100000000000000_ADO_1999  |7 0  |8 A  |9 325485  |a BIBTEO  |b BIBTEO  |d 2019-11-20  |i 3740595  |o 340.1 ADO 1999  |p 3740595  |r 2025-01-17  |w 2019-11-20  |y BK  |k ICR 
952 |0 0  |1 0  |4 0  |6 340_100000000000000_ADO_1999  |7 0  |8 A  |9 325486  |a BIBDER  |b BIBDER  |d 2019-11-20  |i 3846598  |o 340.1 ADO 1999  |p 3846598  |r 2023-01-25  |w 2019-11-20  |y BK  |k DER